Kursus pengurusan pangkalan data loji, jentera dan peralatan(secara dalam talian) : 28 - 30 Jun 2021

Bibliographic Details
Corporate Authors: Kursus pengurusan pangkalan data loji, jentera dan peralatan(secara dalam talian), INSPEN (Institut Penilaian Negara )
Format: Book
Language:Malay
Subjects:

MARC

LEADER 00000cam a2200000 7i4500
001 0000029808
005 20241129.0
008 220222 my a may
040 |a INS   |b eng   |c INS   |e rda 
090 0 0 |a VO436   |b 2021 
110 1 |a Kursus pengurusan pangkalan data loji, jentera dan peralatan(secara dalam talian) ,   |d 2021 28 - 30 Jun   |c INSPEN, Bangi 
245 0 0 |a Kursus pengurusan pangkalan data loji, jentera dan peralatan(secara dalam talian) :   |b 28 - 30 Jun 2021   |c Anjuran Pusat Pembangunan Profesional, INSPEN 
264 0 |a Bangi :   |b Institut Penilaian Negara   |c 2021 
300 |a 1 volume (various pagings) :   |b colour illustrations, pictures ;   |c 30 cm. 
336 |a text  |2 rdacontext 
337 |a unmediated  |2 rdamedia 
338 |a volume  |2 rdacarrier 
650 0 0 |a Machinery   |x Valuation 
710 1 |a INSPEN (Institut Penilaian Negara ) 
999 |a VO00001062   |b BOOK   |c Course Notes   |e Default branch